| 000 | 00000nam 2200000za 4500 |
| 001 | 9.837975 |
| 003 | CaOODSP |
| 005 | 20230201095212 |
| 007 | cr ||||||||||| |
| 008 | 170608s2013 onca #o f000 0 fre d |
| 040 | |aCaOODSP|bfre |
| 043 | |an-cn--- |
| 086 | 1 |aPS64-142/2013F-PDF |
| 245 | 00|aCouriez-vous une chance lorsque vos enfants vont en ligne? |h[ressource électronique]. |
| 260 | |a[Ottawa] : |bGendarmerie royale du Canada, |c[2013] |
| 300 | |a[2] p. : |bill. en coul. |
| 500 | |aPubli. aussi en anglais sous le titre : Are you taking a chance when your kids go online? |
| 500 | |a« Sécurité sur internet pour les jeunes de monis de 9 ans. » |
| 692 | 07|2gccst|aSécurité de l'enfant |
| 710 | 2 |aGendarmerie royale du Canada. |
| 775 | 08|tAre you taking a chance when your kids go online? |w(CaOODSP)9.837972 |
| 856 | 40|qPDF|s851 Ko|uhttps://publications.gc.ca/collections/collection_2017/sp-ps/PS64-142-2013-fra.pdf |